000 01255nam a22002297a 4500
008 120423t xxu||||| |||| 00| 0 ara d
082 _a338.5
_bو ل س
100 _929696
_aولسون ، جي هولتن
245 _aالاقتصاد الجزئي :
_bالمفاهيم والتطبيقات /
_cتأليف جي هولتن ولسون ؛ ترجمة كامل سلمان العاني ؛ مراجعة محمد ابراهيم منصور ؛ تقديم سلطان المحمد السلطان
260 _aالرياض :
_bدار المريخ ،
_c1987
300 _a640 ص:
_bأيض ؛
_c22 سم
500 _aMicroeconomics, Concepts and Applications / Holton Wilson. New York : Harper and Row pub., 1981
650 _929702
_aالاقتصاد الجزئي
650 _929701
_aالاحتكار
650 _929700
_aالإنتاج
653 _bEco
_cApril2012
700 _929697
_aالعاني ، كامل سلمان
_eمترجم
700 _929698
_aمنصور ، محمد ابراهيم
_eمراجع
700 _929699
_aالسلطان، سلطان المحمد العلي
_eمقدم
942 _2ddc
_cBB
999 _c16677
_d16677